000 00513nam a2200193Ia 4500
003 GCL
008 140319s9999 xx 000 0 eng d
040 _aGCL /
_cGCL
082 0 4 _a910.02
_bB F
100 1 _aBRIGGS, DAVID
245 1 0 _aFUNDAMENTALS OF PHYSICAL GEOGRAPHY /
_cBRIGGS, DAVID
700 1 _aSMITHSON, PETER
700 1 _aBRIFFS, DAVID
260 _a[S.N] :
_bROUTLEDGE ،
_c1994
300 _a558
650 0 4 _aPHYSICAL GEOGRAPHY
650 0 4 _aENCYCLOPEDIAS AND DICTIONARIES
942 _2ddc
_cBK
999 _c22309
_d22309